000 nam a22 7a 4500
999 _c44545
_d44545
003 OSt
005 20181012160825.0
008 181012b xxu||||| |||| 00| 0 eng d
040 _cIIMT COLLEGE OF D.PHARMA
100 _aWALLIS, T.E
245 _aTEXT BOOK OF PHARMACOGNOCY
260 _aNEW DELHI
_bCBS
_c2005
300 _a652
942 _2ddc
_c02